Sedimenty ako súčasť legislatívy ochrany pôdy

Pojem sediment a definícia podľa zákona č. 188/2003. Zamedzenie erózneho odnosu a vzniku sedimentov. Škodlivosť erózie. Potenciálna ohrozenosť poľnohospodárskych pôd na Slovensku. Čistiarenske kaly.

Guardado en:
Detalles Bibliográficos
Autor principal: Jurík, Ľuboš
Formato: Capítulo de libro
Lenguaje:eslovaco
Materias:
Etiquetas: Agregar Etiqueta
Sin Etiquetas, Sea el primero en etiquetar este registro!

MARC

LEADER 00000naa a2200000 4500
001 0240732
005 20221104113005.6
041 0 |a slo 
044 |a SK 
245 1 0 |a Sedimenty ako súčasť legislatívy ochrany pôdy  |c Ľuboš Jurík 
520 |a Pojem sediment a definícia podľa zákona č. 188/2003. Zamedzenie erózneho odnosu a vzniku sedimentov. Škodlivosť erózie. Potenciálna ohrozenosť poľnohospodárskych pôd na Slovensku. Čistiarenske kaly. 
610 2 0 |a ochrana pôdy 
610 2 0 |a kvalita pôdy 
610 2 0 |a pôda poľnohospodárska 
610 2 0 |a legislatíva 
610 2 0 |a vodohospodárstvo 
610 2 0 |a ochrana prírody 
100 1 |a Jurík, Ľuboš